| 000 | 01084nam a2200217Ia 4500 | ||
|---|---|---|---|
| 001 | 10304 | ||
| 003 | GE_BSU | ||
| 008 | 181216s||||||||xx |||||||||||||| ||und|| | ||
| 040 | _cGE_BSU | ||
| 080 | _a821.353.1-32 | ||
| 100 | _aლორთქიფანიძე,ნიკო | ||
| 245 | _aთხზულებათა კრებული ოთხ ტომად. ტ.1 | ||
| 245 | _bტ.1:მოთხრობები | ||
| 245 | _cდ.ბენაშვილის შესავალი წერილით;რედ.:დ.ბენაშვილი,დ.გამეზარდაშვილი;მხატვ:გ.გორდელაძე.-საქ.სსრ მეცნ. აკადემია რუსთაველის სახელობის ქართული ლიტ.ისტორიის ინ-ტი | ||
| 260 | _aთბილისი. | ||
| 260 | _bსაბჭ.საქართველო | ||
| 260 | _c1958 | ||
| 300 | _a703გვ;1ფ.პორტ;23სმ. | ||
| 653 | _aმოთხრობები | ||
| 942 | _cBK | ||
| 999 |
_c43571 _d43571 |
||